| Record ID | ia:hellokittylovess0000smit |
| Source | Internet Archive |
| Download MARC XML | https://archive.org/download/hellokittylovess0000smit/hellokittylovess0000smit_marc.xml |
| Download MARC binary | https://www.archive.org/download/hellokittylovess0000smit/hellokittylovess0000smit_meta.mrc |
LEADER: 01333cam 2200385Ka 4500
001 ocn732791417
003 OCoLC
005 20180930030402.0
008 090217s2008 nyua j 000 1 eng d
040 $aTXBXL$beng$cTXBXL$dOCLCQ$dYVO$dOCLCQ$dOCLCO$dOCLCF
020 $a9780810983687
020 $a0810983680
035 $a(OCoLC)732791417
100 1 $aSmith, Elizabeth.
245 10 $aHello Kitty loves school! /$cwritten by Elizabeth Smith ; illustrated by Jean Hirashima.
246 30 $aLoves school!
260 $aNew York, NY :$bAbrams Books,$c2008.
300 $a1 volume (unpaged) :$bcolor illustrations ;$c19 cm.
336 $atext$btxt$2rdacontent
337 $aunmediated$bn$2rdamedia
338 $avolume$bnc$2rdacarrier
490 1 $aHello Kitty
520 $aHello Kitty and her friends are back in school.
650 0 $aTalent shows$vJuvenile fiction.
650 0 $aSchool$vJuvenile fiction.
650 0 $aCats$vJuvenile fiction.
650 7 $aCats.$2fast$0(OCoLC)fst00849374
650 7 $aTalent shows.$2fast$0(OCoLC)fst01142237
655 7 $aFiction.$2fast$0(OCoLC)fst01423787
655 7 $aJuvenile works.$2fast$0(OCoLC)fst01411637
700 1 $aHirashima, Jean,$eillustrator.
710 2 $aSanrio, Inc.
830 0 $aHello Kitty.
994 $aZ0$bP4A
948 $hNO HOLDINGS IN P4A - 9 OTHER HOLDINGS